000 00711pam a2200229 a 4500
001 4890628
005 20171218100704.0
008 931217s1994 ctu b 001 0 eng
010 _a 93050542
020 _a0313288038 (alk. paper)
040 _aDLC
_cDLC
_dDLC
041 _aeng
080 _a305.409 KIR
082 0 0 _a305.409 KIR
_220
100 1 _a16
101 _aHIS
245 1 0 _aChronology of women's history /
_cKirstin Olsen.
504 _aIncludes bibliographical references (p. [395]-398) and index.
906 _a7
_bcbc
_corignew
_d1
_eocip
_f19
_gy-gencatlg
942 _2ddc
_cBK
999 _c39128
_d39128